000
00345nam a22001457a 4500
008
211011b ||||| |||| 00| 0 eng d
020
_a
2900312442032
041
_a
eng
080
_a
82
082
_a
82
100
_a
21
101
_a
GJL
245
_a
The Interesting Narrative of the Life of Olaudah Equiano
_c
Allison,R.J
942
_2
udc
_c
BK
999
_c
58118
_d
58118